[Event "ROM-ch U14 Girls"]
[Site "Calimanesti"]
[Date "2014.04.08"]
[Round "3"]
[White "Mageri, Hortensia Maria"]
[Black "Radu, Mihaela Delia"]
[Result "0-1"]
[WhiteElo "1031"]
[BlackElo "1338"]
[PlyCount "50"]
[EventDate "2014.04.06"]
[EventType "swiss"]
[EventRounds "9"]
[EventCountry "ROU"]
[SourceTitle "CBM 160 Extra"]
[Source "ChessBase"]
[SourceDate "2014.07.01"]
[SourceVersion "1"]
[SourceVersionDate "2014.07.01"]
[SourceQuality "1"]

1. d4 Nf6 2. Nf3 d5 3. Bg5 Nc6 4. Bxf6 gxf6 5. e3 e5 6. Nc3 e4 7. Nh4 f5 8. g3 Be6 9. Bb5 Qd7 10. Qh5 Bb4 11. 0-0 0-0-0 12. a3 Be7 13. f4 Rdg8 14. Kh1 Bxh4 15. Qxh4 Rg4 16. Qh3 h5 17. Be2 Rg6 18. Bxh5 Rgh6 19. Qg2 Rxh5 20. h4 Rg8 21. Rg1 Rxh4+ 22. gxh4 Rxg2 23. Rxg2 f6 24. Rg6 Qh7 25. Rgg1 Qxh4+ 0-1